LEADER 01163nam a2200289 i 4500 001 000000164172 003 CaOOAMICUS 005 20070905000000.0 008 070905s1974 it u000 u und u 013 $a141539 040 $aSeMil$bita 245 10$aVangelo secondo Barabba /$ca cura di Salvatore Grillo. 260 $aArese :$bAmici di don Della Torre,$cstampa 1974. 300 $a191 p. ;$c24 cm. 490 0 $aCon i giovani in difficoltà ;$v1 500 $aFondo Card. Giovanni Colombo. 650 4$aGiovani.$0(OLS)http://semarc/subject/6300 650 4$aMeditazioni.$0(OLS)http://semarc/subject/1352 650 4$aDisagio.$0(OLS)http://semarc/subject/16213 700 1 $aGrillo, Salvatore,$d<1938- >.$0(OLS)http://semarc/name/43699 830 0$aCon i giovani in difficoltà ;$v1.$0(OLS)http://semarc/title/24166 850 $aSeMil 852 $aSeMil$W1$xVenegono$y1$m1O V 54$j115459$B115459$CSeMilBibl$Z2$F126342 $81 941 1 $a3 961 $aLascito: Colombo Card. Giovanni 996 $6245$aVangelo secondo Barabba$9(OLS)http://semarc/title/234217 996 $6260$aArese :$bAmici di don Della Torre$9(OLS)http://semarc/publisher/31694 LEADER 00639nam a2200193 i 4500 001 000000236678 003 CaOOAMICUS 005 20141209000000.0 008 141209s1846 it u000 u ita u 013 $a215583 040 $aSeMil$bita 245 10$aVol. 7. 300 $a559 p. 773 0 $aHenrion, Mathieu-Richard-Auguste <1805-1862>$tStoria generale della chiesa.$dMilano : Angelo Bonfanti, 1843-1850.$g7$w()31086 850 $aSeMil 852 $aSeMil$W1$xVenegono$y1$m3B IV 71 FA$j187024$B187024$CSeMilBibl$Z2$F197807 $8I 941 1 $a10 961 $aRecupero: Mantegazza 996 $6245$aVol. 7$9(OLS)http://semarc/title/111144